[Event "It (cat.9)"]
[Site "masterchessopen.com - Baden-Baden (Germany)"]
[Round "0"]
[White "Korchnoi Viktor (SUI)"]
[Black "Honfi Karoly (HUN)"]
[Result "1-0"]
[WhiteElo "2695"]
[BlackElo "2390"]

1.g3 g6 2.c4 Bg7 3.d4 Nf6 4.Bg2 O-O 5.Nc3 c5 6.d5 e6 7.Nf3 exd5 8.cxd5 d6
9.O-O Na6 10.h3 Bd7 11.Bf4 Re8 12.Nd2 Bf8 13.e4 b5 14.Re1 c4 15.a4 Nc5 16.axb5
Nd3 17.Nxc4 Nxe1 18.Qxe1 Qc7 19.Qf1 Nh5 20.Be3 Bg7 21.Rxa7 Rxa7 22.b6 Qb8
23.bxa7 Qc7 24.e5 Bxe5 25.Nxe5 dxe5 26.Qa6 {#r} 1-0

[Event "It (2)"]
[Site "masterchessopen.com - Budapest (Hungary)"]
[Round "0"]
[White "Beil Zdenek (CZE)"]
[Black "Tokaji Nagy Gyorgy (HUN)"]
[Result "1-0"]
[WhiteElo "2256"]
[BlackElo "2182"]

1.d4 Nf6 2.c4 e6 3.g3 c5 4.d5 exd5 5.cxd5 d6 6.Nc3 g6 7.Nf3 Bg7 8.Bg2 O-O
9.O-O Na6 10.Nd2 Nc7 11.Nc4 b5 12.Nxd6 b4 13.Nce4 Nfxd5 14.Nxc8 Rxc8 15.Nxc5
Qe7 16.Ne4 h6 17.Qb3 Rfd8 18.Rd1 Kh7 19.h4 f5 20.Bg5 hxg5 21.Nxg5+ Kh8 22.Bxd5
Nxd5 23.Rxd5 Rxd5 24.Qxd5 Bxb2 25.Rd1 Bf6 26.Ne6 Kh7 27.h5 Re8 28.hxg6+ Kxg6
29.Nf4+ Kg5 30.Qf3 Qf7 31.Rd7 Re7 32.Rd6 Re4 33.Rd7 Re7 34.Qh1 {#r} 1-0

[Event "Ch Europe (juniors)"]
[Site "masterchessopen.com - Groningen (Netherlands)"]
[Round "9"]
[White "Borg Geoffrey (MLT)"]
[Black "Gobet Fernand (SUI)"]
[Result "0-1"]
[WhiteElo "2367"]
[BlackElo "2400"]

1.Nf3 Nf6 2.c4 e6 3.d4 c5 4.d5 exd5 5.cxd5 d6 6.Nc3 g6 7.g3 Bg7 8.Bg2 O-O
9.O-O Re8 10.Re1 a6 11.a4 Nbd7 12.e4 Ng4 13.h3 Nge5 14.Nxe5 Bxe5 15.Qc2 Rb8
16.Rb1 Qc7 17.Bd2 b5 18.axb5 axb5 19.b4 cxb4 20.Rxb4 Bxg3 21.Reb1 Be5 22.Rxb5
Rxb5 23.Rxb5 Ba6 24.Rb3 Rc8 25.Ra3 Nc5 26.Na4 Qb7 27.Nxc5 Rxc5 28.Bc3 Qc8
29.Qa2 Rxc3 30.Rxc3 Bxc3 31.Qxa6 Qxa6 {#R} 0-1

[Event "Ch Great Britain"]
[Site "masterchessopen.com - Morecambe (England)"]
[Round "7"]
[White "Ellison Derek George (ENG)"]
[Black "Crombleholme Alan (ENG)"]
[Result "1-0"]
[WhiteElo "2065"]
[BlackElo "2104"]

1.d4 Nf6 2.c4 c5 3.d5 e6 4.Nc3 exd5 5.cxd5 d6 6.g3 g6 7.Bg2 Bg7 8.Nf3 O-O
9.O-O Na6 10.e4 Re8 11.Re1 Bg4 12.h3 Bxf3 13.Qxf3 c4 14.Bf1 Rc8 15.Be3 Nb4
16.Rac1 Nd7 17.Bf4 Qf6 18.Qe3 Ne5 19.Bxe5 Qxe5 20.Qxa7 Rc5 21.Qxb7 Nd3 22.Bxd3
cxd3 23.Rcd1 Qd4 24.Nb5 Qxb2 25.Nxd6 d2 26.Qxf7+ {#r} 1-0

[Event "It (open)"]
[Site "masterchessopen.com - Manchester (England)"]
[Date "1981.09.07"]
[Round "4"]
[White "Ligterink Gert (NED)"]
[Black "Wells Ian Duncan"]
[Result "1-0"]
[WhiteElo "2430"]
[BlackElo "2355"]

1.d4 Nf6 2.c4 e6 3.Nf3 c5 4.d5 exd5 5.cxd5 d6 6.Nc3 g6 7.g3 Bg7 8.Bg2 O-O
9.O-O Na6 10.h3 Rb8 11.e4 b5 12.e5 Ne8 13.Bf4 Nac7 14.Qd2 f6 15.exf6 Nxf6
16.Ng5 Nh5 17.Be3 Bb7 18.Rfe1 Nf6 19.Ne6 Nxe6 20.dxe6 Bxg2 21.Kxg2 Qe7 22.Bg5
Qb7+ 23.Kg1 b4 24.e7 bxc3 25.exf8=Q+ Rxf8 26.bxc3 Ne4 27.Rxe4 Qxe4 28.Re1 Qf3
29.Re3 Qf7 30.Re7 Qf5 31.Be3 Qb1+ 32.Kh2 Qb8 33.Bf4 Kh8 34.Bh6 Rg8 35.Qf4 Qd8
36.Rxa7 Bf6 37.Rd7 {#r} 1-0

[Event "corr."]
[Site "masterchessopen.com - DDR"]
[Round "0"]
[White "Glasewald Stefan (GER)"]
[Black "Postler Reinhard (GER)"]
[Result "0-1"]
[WhiteElo "2079"]
[BlackElo "2367"]

1.d4 Nf6 2.Nf3 e6 3.c4 c5 4.d5 exd5 5.cxd5 d6 6.Nc3 g6 7.g3 Bg7 8.Bg2 O-O
9.O-O Na6 10.Nd2 Nc7 11.Nc4 Nfe8 12.a4 b6 13.Bd2 Ba6 14.Ne3 f5 15.Nc2 Nf6
16.Re1 Qd7 17.b4 Bb7 18.a5 Nfxd5 19.Nxd5 Bxd5 20.axb6 axb6 21.Rxa8 Rxa8
22.Bxd5+ Nxd5 23.e4 fxe4 24.Rxe4 Nf6 25.Bc3 d5 26.bxc5 bxc5 27.Bxf6 Bxf6
28.Re1 c4 29.Qf3 Rf8 30.Rd1 Bd4 31.Qxf8+ Kxf8 32.Rxd4 c3 33.Kg2 Qc6 34.Kf3 Qa6
35.Ke3 Qf1 36.h3 Qc1+ {#R} 0-1

[Event "Ch Netherlands (1/2 final) B"]
[Site "masterchessopen.com - Eindhoven (Netherlands)"]
[Round "7"]
[White "Heemskerk Wim (NED)"]
[Black "Dekker Kees (NED)"]
[Result "1-0"]
[WhiteElo "2280"]
[BlackElo "2188"]

1.d4 Nf6 2.c4 c5 3.d5 e6 4.Nc3 exd5 5.cxd5 d6 6.g3 g6 7.Bg2 Bg7 8.Nf3 O-O
9.O-O a6 10.a4 Re8 11.Bf4 Qc7 12.Re1 Nbd7 13.h3 Rb8 14.e4 Nh5 15.Bg5 b5
16.axb5 axb5 17.Bf1 c4 18.Nd4 b4 19.Ncb5 Qc5 20.Rc1 Rxb5 21.Rxc4 Rb6 22.Rxc5
dxc5 23.Nc6 Bxb2 24.Ne7+ Kf8 25.Nxc8 Rxc8 26.Qg4 Ke8 27.e5 Ra8 28.e6 Ne5 29.d6
Rxd6 30.Rxe5 Bxe5 31.Qe4 Rc8 32.Qxe5 Rxe6 33.Bb5+ Kf8 34.Qh8# 1-0

[Event "It (open) \"]
[Site "masterchessopen.com - USA"]
[Round "0"]
[White "Wallach Kenneth (USA)"]
[Black "Kornfeld Andreas"]
[Result "0-1"]
[WhiteElo "2176"]
[BlackElo "2200"]

1.d4 Nf6 2.c4 e6 3.g3 c5 4.d5 exd5 5.cxd5 d6 6.Nc3 g6 7.Bg2 Bg7 8.Nf3 O-O
9.O-O Re8 10.Re1 a6 11.a4 Nbd7 12.Bf4 Qc7 13.e4 Ng4 14.Bh3 Nde5 15.Nxe5 Nxe5
16.Bxc8 Raxc8 17.Kg2 Re7 18.Qe2 Rce8 19.a5 h6 20.Bxe5 Bxe5 21.Qc4 Bd4 22.Ra4
f5 23.f3 Qd7 24.Qb3 g5 25.h3 h5 26.Rc4 g4 27.hxg4 hxg4 28.Qd1 Rh7 29.fxg4 fxg4
30.Rf1 Rh2+ {#R} 0-1

[Event "?"]
[Site "masterchessopen.com - Belfort (France)"]
[Round "0"]
[White "Short Nigel D (ENG)"]
[Black "Franic Milan (CRO)"]
[Result "0-1"]
[WhiteElo "2475"]
[BlackElo "2379"]

1.d4 Nf6 2.c4 e6 3.Nf3 c5 4.d5 exd5 5.cxd5 d6 6.Nc3 g6 7.g3 Bg7 8.Bg2 O-O
9.O-O a6 10.a4 Nbd7 11.e4 Ng4 12.Nd2 Nh6 13.Nc4 Nb6 14.Na3 Bd7 15.Bf4 Qe7
16.Qb3 Nc8 17.Qxb7 Ra7 18.Qb3 Ng4 19.Nc4 g5 20.Bd2 Ne5 21.Nxe5 Bxe5 22.f4 gxf4
23.gxf4 Bd4+ 24.Kh1 Bg4 25.Rae1 Rb7 26.Qc2 f6 27.Be3 Nb6 28.Qd3 Bxc3 29.bxc3
Nxa4 30.Rg1 Kh8 31.e5 a5 32.e6 Nb2 33.Qc2 Nc4 34.Bc1 Rg8 35.h3 Bh5 {#R} 0-1

[Event "Ch URS"]
[Site "masterchessopen.com - Moscow (Russia)"]
[Round "0"]
[White "Razuvaev Yuri S (RUS)"]
[Black "Tal Mikhail N (LAT)"]
[Result "1-0"]
[WhiteElo "2525"]
[BlackElo "2620"]

1.d4 Nf6 2.c4 e6 3.Nf3 c5 4.d5 exd5 5.cxd5 d6 6.Nc3 g6 7.g3 Bg7 8.Bg2 O-O
9.O-O Re8 10.h3 a6 11.a4 Nbd7 12.Re1 Ne4 13.Nxe4 Rxe4 14.Qc2 Qe7 15.Bd2 Nf6
16.Nh4 Bd7 17.Bc3 Re8 18.Bxe4 Nxe4 19.Bxg7 Kxg7 20.Ra3 Qg5 21.Rd1 Bxh3 22.Re3
Qg4 23.Kh2 Re5 24.Rxe4 Qxe4 25.Qxe4 Rxe4 26.Kxh3 Rxe2 27.Nf3 Rxb2 28.a5 Kf6
29.Nd2 {#r} 1-0

[Event "Ch Europe (team)"]
[Site "masterchessopen.com - Plovdiv (Bulgaria)"]
[Round "0"]
[White "Ligterink Gert (NED)"]
[Black "Psakhis Lev (ISR)"]
[Result "0-1"]
[WhiteElo "2430"]
[BlackElo "2525"]

1.d4 Nf6 2.c4 e6 3.Nf3 c5 4.d5 exd5 5.cxd5 d6 6.Nc3 g6 7.g3 Bg7 8.Bg2 O-O
9.O-O Re8 10.Bf4 Nh5 11.Bg5 Qb6 12.Qd2 Bg4 13.h3 Bxf3 14.Bxf3 Nf6 15.e4 Nbd7
16.Bg2 a6 17.Rac1 Qa5 18.Bf4 b5 19.Rfe1 Qb6 20.b3 Rac8 21.g4 c4 22.b4 Ne5
23.Bxe5 Rxe5 24.Kh1 g5 25.f4 gxf4 26.Qxf4 Rce8 27.Rf1 R5e7 28.e5 dxe5 29.Qf5
e4 30.g5 Nh5 31.Qg4 Bxc3 32.Rxc3 Qg6 33.Re3 Re5 34.h4 f5 35.Qd1 f4 {#R} 0-1

[Event "Ch Europe (team)"]
[Site "masterchessopen.com - Plovdiv (Bulgaria)"]
[Round "0"]
[White "Ligterink Gert (NED)"]
[Black "Short Nigel D (ENG)"]
[Result "1-0"]
[WhiteElo "2430"]
[BlackElo "2475"]

1.d4 Nf6 2.c4 e6 3.Nf3 c5 4.d5 exd5 5.cxd5 d6 6.Nc3 g6 7.g3 Bg7 8.Bg2 O-O
9.O-O a6 10.a4 Nbd7 11.e4 Re8 12.Re1 Ng4 13.Nh4 Nge5 14.f4 Nc4 15.Nf3 Rb8
16.Qc2 Qa5 17.Ra2 Bd4+ 18.Kh1 Nf6 19.Qd3 Bxc3 20.bxc3 b5 21.Rae2 Qxa4 22.e5
Nh5 23.e6 f5 24.Nh4 Nb6 25.Nxf5 Qc4 26.Qf3 gxf5 27.Qxh5 Bb7 28.Qxf5 Bxd5
29.Qg5+ Kh8 30.f5 Bxg2+ 31.Kxg2 Nd5 32.f6 Rg8 33.Qf5 Rbf8 34.f7 {#r} 1-0

[Event "Match \"]
[Site "masterchessopen.com - Zinnowitz (Germany)"]
[Date "1983.10.16"]
[Round "3"]
[White "Boensch Uwe (GER)"]
[Black "Ionescu Constantin (ROM)"]
[Result "1-0"]
[WhiteElo "2450"]
[BlackElo "2436"]

1.d4 Nf6 2.c4 e6 3.Nf3 c5 4.d5 exd5 5.cxd5 d6 6.Nc3 g6 7.g3 Bg7 8.Bg2 O-O
9.O-O Re8 10.Nd2 b6 11.a4 Ba6 12.Nb5 Bxb5 13.axb5 Nbd7 14.Ra2 a5 15.b3 Re7
16.Bb2 Ne8 17.Bxg7 Kxg7 18.Nc4 Ne5 19.e4 Kg8 20.Ne3 Nc7 21.f4 Nd7 22.Qd3 f6
23.h4 Qe8 24.h5 Ra7 25.Ng4 Kg7 26.e5 fxe5 27.f5 Rf7 28.f6+ Kh8 29.hxg6 hxg6
30.Be4 Nf8 31.Bxg6 Nxg6 32.Qxg6 Rh7 33.f7 {#r} 1-0

[Event "It"]
[Site "masterchessopen.com - Leipzig (Germany)"]
[Round "13"]
[White "Razuvaev Yuri S (RUS)"]
[Black "Garcia Martinez Silvino (CUB)"]
[Result "1-0"]
[WhiteElo "2525"]
[BlackElo "2440"]

1.d4 Nf6 2.c4 e6 3.g3 c5 4.d5 d6 5.Nc3 exd5 6.cxd5 g6 7.Bg2 Bg7 8.Nf3 O-O
9.O-O Re8 10.h3 Ne4 11.Nxe4 Rxe4 12.Nd2 Re8 13.a4 b6 14.Re1 Nd7 15.Rb1 Ne5
16.f4 Nd7 17.Nc4 Qe7 18.e4 Ba6 19.b3 Bd4+ 20.Be3 Bc3 21.Bd2 Bd4+ 22.Kh2 b5
23.Na5 bxa4 24.Nc6 Qf6 25.Nxd4 Qxd4 26.Qc1 axb3 27.Bc3 Qd3 28.Rxb3 f5 29.Ra3
Rxe4 30.Bxe4 fxe4 31.Ba1 Qc4 32.Qb2 {#r} 1-0

[Event "It (open)"]
[Site "masterchessopen.com - Caorle (Italy)"]
[Round "6"]
[White "Weinberg Emanuele (ITA)"]
[Black "Castagnetta Gianluca (ITA)"]
[Result "0-1"]
[WhiteElo "1793"]
[BlackElo "2305"]

1.d4 Nf6 2.c4 c5 3.d5 e6 4.Nc3 exd5 5.cxd5 d6 6.Nf3 g6 7.g3 Bg7 8.Bg2 O-O
9.O-O Na6 10.h3 Rb8 11.a4 Nb4 12.e4 b6 13.Re1 Nd7 14.Bg5 f6 15.Bf4 Ne5 16.Nxe5
dxe5 17.Be3 f5 18.Qd2 f4 19.gxf4 Qh4 20.f5 gxf5 21.Bg5 Qh5 22.Be7 Rf7 23.d6
Bd7 24.Nd5 f4 25.Nxb4 cxb4 26.f3 Bf6 27.Bxf6 Rxf6 28.Re2 Rg6 29.Kf1 Bxh3
30.Qd3 Bxg2+ {#R} 0-1

[Event "Ch Netherlands (open)"]
[Site "masterchessopen.com - Dieren (Netherlands)"]
[Round "3"]
[White "Noomen Jeroen (NED)"]
[Black "Cmiel Thorsten (GER)"]
[Result "1-0"]
[WhiteElo "2199"]
[BlackElo "2250"]

1.d4 Nf6 2.c4 e6 3.g3 c5 4.d5 exd5 5.cxd5 d6 6.Nc3 g6 7.Bg2 Bg7 8.Nf3 O-O
9.O-O Re8 10.Bf4 a6 11.a4 Nh5 12.Bg5 Qb6 13.Qd2 Nd7 14.Rfe1 c4 15.Be3 Nc5
16.Bd4 Qc7 17.Bxg7 Nxg7 18.Qf4 Nb3 19.Rad1 Nh5 20.Qh4 Rb8 21.g4 Nf4 22.Ng5 f5
23.gxf5 Nxg2 24.Kxg2 Bxf5 25.e4 Bc8 26.e5 Bf5 27.exd6 Qg7 28.Qxc4 Qh6 29.h4
{#r} 1-0

[Event "Ch Netherlands"]
[Site "masterchessopen.com - Hilversum (Netherlands)"]
[Round "3"]
[White "Scheeren Peter (NED)"]
[Black "Ligterink Gert (NED)"]
[Result "1-0"]
[WhiteElo "2445"]
[BlackElo "2440"]

1.d4 Nf6 2.c4 e6 3.g3 c5 4.d5 exd5 5.cxd5 d6 6.Bg2 g6 7.Nc3 Bg7 8.Nf3 O-O
9.O-O Re8 10.Bf4 Na6 11.Re1 Nh5 12.Bg5 Qd7 13.e4 b5 14.Bf1 Nc7 15.e5 dxe5
16.d6 b4 17.Na4 Ne6 18.Bc4 Nd4 19.Nxc5 Qxd6 20.Nxd4 Qxc5 21.Rc1 Qf8 22.Bd5 Rb8
23.Rc7 Qd6 24.Nb5 {#r} 1-0

[Event "Ch Leningrad"]
[Site "masterchessopen.com - Leningrad (Russia)"]
[Round "0"]
[White "Osnos Viatcheslav (RUS)"]
[Black "Agapov K (RUS)"]
[Result "1-0"]
[WhiteElo "2384"]
[BlackElo "2395"]

1.d4 Nf6 2.c4 c5 3.d5 e6 4.Nc3 exd5 5.cxd5 d6 6.Nf3 g6 7.g3 Bg7 8.Bg2 O-O
9.O-O Re8 10.Nd2 b6 11.h3 Ba6 12.a4 Nbd7 13.Nb5 Bxb5 14.axb5 Qe7 15.Re1 Ne5
16.f4 Ned7 17.Kh2 Nh5 18.e4 c4 19.Ra4 Nc5 20.Rxc4 Qd7 21.Bf1 a6 22.bxa6 b5
23.Rc2 Rxa6 24.e5 Ra4 25.Nf3 Nb3 26.e6 fxe6 27.dxe6 Qb7 28.Bg2 d5 29.Ne5 Nf6
30.Rc3 Nxc1 31.Qxc1 Ne4 32.Rc7 Qb6 33.e7 Bxe5 34.fxe5 Qf2 35.Rxe4 dxe4 36.Rc8
Qf7 37.Qc6 {#r} 1-0

[Event "Memorial P.Keres (open)"]
[Site "masterchessopen.com - Vancouver (Canada)"]
[Round "3"]
[White "Taylor Gordon (CAN)"]
[Black "Donaldson John W (USA)"]
[Result "1-0"]
[WhiteElo "2325"]
[BlackElo "2390"]

1.d4 c5 2.d5 Nf6 3.c4 e6 4.g3 exd5 5.cxd5 d6 6.Bg2 g6 7.Nc3 Bg7 8.Nf3 O-O
9.O-O Re8 10.h3 a6 11.a4 Ne4 12.Nxe4 Rxe4 13.Nd2 Rb4 14.Ra2 b5 15.axb5 Bb7
16.b3 axb5 17.Rxa8 Bxa8 18.Ba3 Rd4 19.Bb2 Nd7 20.Bxd4 Bxd4 21.e3 Bg7 22.f4 Bb7
23.Kh2 Qa8 24.e4 Qa2 25.Nf3 Nb6 26.Re1 b4 27.Re2 Qa8 28.Qb1 Bc3 29.Ra2 Qb8
30.Bf1 f5 31.exf5 Bxd5 32.Ng5 {#r} 1-0

[Event "It (open)"]
[Site "masterchessopen.com - Hilversum (Netherlands)"]
[Date "1984.06.10"]
[Round "4"]
[White "De Roda Husman Juan (NED)"]
[Black "Carlier Bruno (NED)"]
[Result "0-1"]
[WhiteElo "2266"]
[BlackElo "2380"]

1.d4 Nf6 2.c4 e6 3.g3 c5 4.d5 exd5 5.cxd5 d6 6.Bg2 g6 7.Nc3 Bg7 8.Nf3 O-O
9.O-O Na6 10.Nd2 Nc7 11.a4 b6 12.Ra2 Na6 13.Nc4 Nb4 14.Ra3 Ba6 15.Nb5 Bxb5
16.axb5 Re8 17.Re1 Ng4 18.h3 Ne5 19.b3 a6 20.bxa6 b5 21.Na5 Rxa6 22.Nc6 Nexc6
23.Rxa6 Nd4 24.Ra7 Nbc2 25.Rf1 Nxe2+ 26.Kh2 Ncd4 27.Be3 Nxg3 28.Kxg3 Be5+
29.f4 Nf5+ 30.Kf3 Bd4 31.Bxd4 Qh4 {#R} 0-1

[Event "Ch Norway"]
[Site "masterchessopen.com - Gausdal (Norway)"]
[Round "2"]
[White "Ludvigsen Frode (NOR)"]
[Black "Jansson Joran (NOR)"]
[Result "0-1"]
[WhiteElo "2140"]
[BlackElo "2261"]

1.d4 g6 2.c4 Bg7 3.Nf3 Nf6 4.g3 c5 5.d5 d6 6.Bg2 e6 7.Nc3 exd5 8.cxd5 O-O
9.O-O Bd7 10.a4 Na6 11.Nd2 Nc7 12.Nc4 Nce8 13.Bf4 Qc7 14.e4 Ng4 15.Qd2 b6
16.h3 Ne5 17.Bxe5 Bxe5 18.Nxe5 dxe5 19.f4 f6 20.d6 Qc6 21.fxe5 fxe5 22.Rxf8+
Kxf8 23.Rd1 c4 24.Kh2 Nf6 25.Qg5 Kg7 26.Qxe5 Re8 27.Qf4 Qc5 28.Nd5 Rf8 29.Rf1
Ng4+ 30.hxg4 Rxf4 31.gxf4 Qxd6 32.e5 Qb8 33.Nf6 Bxa4 34.Re1 Qd8 35.Ra1 b5
36.Bd5 Qb6 {#R} 0-1

[Event "It (open) \"]
[Site "masterchessopen.com - London (England)"]
[Round "0"]
[White "Kinsman Andrew P H (ENG)"]
[Black "Schulte Oliver (GER)"]
[Result "1-0"]
[WhiteElo "2403"]
[BlackElo "2345"]

1.d4 Nf6 2.c4 e6 3.g3 c5 4.d5 exd5 5.cxd5 d6 6.Bg2 g6 7.Nc3 Bg7 8.Nf3 O-O
9.O-O Na6 10.Nd2 Nc7 11.Nc4 Nfe8 12.Bf4 b5 13.Na5 b4 14.Ne4 Ba6 15.Nc6 Qd7
16.Qd2 Bb5 17.a4 bxa3 18.Rxa3 Bc4 19.Nc3 a6 20.Na4 Nb5 21.Re3 Qb7 22.b3 Na3
23.Qa2 {#r} 1-0

[Event "It (open)"]
[Site "masterchessopen.com - New York (USA)"]
[Round "0"]
[White "Rohde Michael A (USA)"]
[Black "Gurevich Dmitry (USA)"]
[Result "0-1"]
[WhiteElo "2452"]
[BlackElo "2485"]

1.d4 Nf6 2.c4 e6 3.Nf3 c5 4.d5 exd5 5.cxd5 d6 6.Nc3 g6 7.g3 Bg7 8.Bg2 O-O
9.O-O a6 10.a4 Nbd7 11.Qc2 Rb8 12.a5 b5 13.axb6 Nxb6 14.Nd2 Nfd7 15.Nb3 Nc4
16.Ne4 Rb4 17.Ra2 Nde5 18.Bg5 Qb6 19.Nc1 f5 20.Nc3 Rxb2 21.Rxb2 Qxb2 22.Qxb2
Nxb2 23.N1a2 Nec4 24.e4 h6 25.Bc1 Nd3 26.Rd1 Nxc1 27.Rxc1 Nd2 28.Re1 fxe4
29.Bxe4 Bd4 30.Re2 Nxe4 31.Nxe4 Bg4 32.Rd2 Bf3 33.Nxd6 Rb8 {#R} 0-1

[Event "Ch Yugoslavia"]
[Site "masterchessopen.com - Budva (Yugoslavia)"]
[Round "0"]
[White "Drasko Milan (MNE)"]
[Black "Cebalo Miso (CRO)"]
[Result "1-0"]
[WhiteElo "2460"]
[BlackElo "2475"]

1.d4 Nf6 2.c4 e6 3.Nf3 c5 4.d5 exd5 5.cxd5 d6 6.Nc3 g6 7.g3 Bg7 8.Bg2 O-O
9.O-O a6 10.a4 Nbd7 11.Bf4 Qe7 12.h3 Re8 13.e4 Nh5 14.Bg5 Qf8 15.Re1 Rb8 16.g4
Nhf6 17.Bf4 b5 18.axb5 axb5 19.e5 dxe5 20.Nxe5 Nxe5 21.Rxe5 Bd7 22.Rxe8 Rxe8
23.d6 b4 24.Na4 c4 25.Rc1 c3 26.bxc3 Bxa4 27.Qxa4 bxc3 28.g5 Nh5 29.d7 Rd8
30.Bc7 h6 31.Bxd8 Qxd8 32.Qa8 {#r} 1-0

[Event "Ch France"]
[Site "masterchessopen.com - France"]
[Round "0"]
[White "Giffard Nicolas (FRA)"]
[Black "Belkhodja Slim (TUN)"]
[Result "0-1"]
[WhiteElo "2336"]
[BlackElo "2340"]

1.d4 Nf6 2.Nf3 c5 3.d5 g6 4.c4 Bg7 5.Nc3 O-O 6.g3 e6 7.Bg2 exd5 8.cxd5 d6
9.O-O Re8 10.Re1 a6 11.e4 Bg4 12.a4 Nbd7 13.h3 Bxf3 14.Bxf3 c4 15.Be3 Qc7
16.a5 Nc5 17.Ra2 Nfd7 18.Qc2 Nd3 19.Rea1 Nb4 20.Qe2 Nxa2 21.Rxa2 Rac8 22.Bg2
Ne5 23.Qd2 Nd3 24.Kh2 Qe7 25.h4 Qf6 26.Ra3 h6 27.Kg1 Kh7 28.Kf1 Qe7 29.Kg1 Nc5
30.Kh2 Be5 31.Kg1 Bxc3 32.bxc3 Nxe4 33.Qc1 Nxg3 {#R} 0-1

[Event "Bundesliga 1986/87"]
[Site "masterchessopen.com - Germany"]
[Round "0"]
[White "Schulte Oliver (GER)"]
[Black "Bauer Peter (GER)"]
[Result "1-0"]
[WhiteElo "2310"]
[BlackElo "2259"]

1.d4 Nf6 2.c4 e6 3.Nf3 c5 4.d5 exd5 5.cxd5 d6 6.Nc3 g6 7.g3 Bg7 8.Bg2 O-O
9.O-O a6 10.a4 Re8 11.Re1 Nbd7 12.e4 Ne5 13.Nxe5 Rxe5 14.Bf4 Re8 15.h3 h6
16.Qd2 g5 17.Be3 Nh7 18.Rf1 Nf8 19.f4 gxf4 20.gxf4 f5 21.e5 b6 22.Kh1 Kh7
23.e6 Ng6 24.Kh2 Rg8 25.Rg1 Ra7 26.Qd3 Qf6 27.Ne4 Qf8 28.Ng3 Nh4 29.Nxf5 Nxf5
30.Be4 Kh8 31.Bxf5 Bxb2 32.Rxg8+ Qxg8 33.Rg1 Bg7 34.Bd2 c4 35.Qxc4 Qe8 36.Bc3
{#r} 1-0

[Event "It"]
[Site "masterchessopen.com - Hamburg (Germany)"]
[Round "0"]
[White "Schulte Oliver (GER)"]
[Black "Lautier Joel (FRA)"]
[Result "1-0"]
[WhiteElo "2310"]
[BlackElo "2658"]

1.d4 Nf6 2.c4 e6 3.Nf3 c5 4.d5 exd5 5.cxd5 d6 6.Nc3 g6 7.g3 Bg7 8.Bg2 O-O
9.O-O a6 10.a4 Nbd7 11.e4 Rb8 12.Bf4 Qe7 13.h3 b5 14.axb5 axb5 15.Re1 Nh5
16.Bg5 Bf6 17.Bh6 Bg7 18.Bxg7 Kxg7 19.e5 dxe5 20.d6 Qf6 21.Ra7 b4 22.Ne4 Qd8
23.Rxd7 Bxd7 24.Nxe5 Bb5 25.Nxc5 Nf6 26.Nxf7 Qb6 27.Ng5 Rfe8 28.Nce6+ Kg8
29.Qf3 Rf8 30.Nxf8 Rxf8 31.Qb3+ Kh8 32.Nf7+ Kg7 33.Re7 Ng8 34.Rb7 Qc5 35.Rc7
Qf5 36.Be4 Qf6 37.Ng5+ {#r} 1-0

[Event "It"]
[Site "masterchessopen.com - Illinois (USA)"]
[Round "0"]
[White "Chow Albert (USA)"]
[Black "Pelts Peter (USA)"]
[Result "0-1"]
[WhiteElo "2206"]
[BlackElo "2332"]

1.d4 Nf6 2.c4 c5 3.Nf3 e6 4.d5 exd5 5.cxd5 d6 6.Nc3 g6 7.g3 Bg7 8.Bg2 O-O
9.O-O Re8 10.h3 Na6 11.Bf4 Nc7 12.a4 b6 13.Re1 Ne4 14.Nxe4 Rxe4 15.Ra2 Bb7
16.Nd2 Rb4 17.Nb3 Qd7 18.e4 Re8 19.Bd2 Rc4 20.f3 Be5 21.Kh2 Bc8 22.Nc1 h5
23.h4 Re7 24.f4 Bf6 25.e5 dxe5 26.Bc3 Qd6 27.Bxe5 Bxe5 28.fxe5 Rxe5 29.Rxe5
Qxe5 {#R} 0-1

[Event "It"]
[Site "masterchessopen.com - Augsburg (Germany)"]
[Round "0"]
[White "Hausner Ivan (CZE)"]
[Black "Barczay Laszlo (HUN)"]
[Result "0-1"]
[WhiteElo "2407"]
[BlackElo "2375"]

1.d4 Nf6 2.c4 e6 3.g3 c5 4.d5 exd5 5.cxd5 d6 6.Nc3 g6 7.Bg2 Bg7 8.Nf3 O-O
9.O-O Re8 10.Bf4 a6 11.a4 h6 12.Re1 g5 13.Bc1 Nbd7 14.Rb1 Rb8 15.h4 g4 16.Nd2
Ne5 17.Qc2 b5 18.axb5 axb5 19.b4 c4 20.Nf1 Nd3 21.Rd1 Nxc1 22.Rbxc1 Nh5 23.e3
Qf6 24.Qb1 Bf5 25.e4 Bd7 26.Ne3 Ra8 27.Nf5 Bxf5 28.exf5 Qxc3 29.Rxc3 Bxc3
30.Qc2 Ra3 31.Rb1 Nf6 32.Bf1 Kg7 33.Qc1 Rea8 34.Kg2 Be5 35.Qd1 Ra2 36.Be2 Ne4
{#R} 0-1

[Event "It (open)"]
[Site "masterchessopen.com - Columbus (USA)"]
[Round "0"]
[White "Schulien Charles (USA)"]
[Black "Gurevich Dmitry (USA)"]
[Result "0-1"]
[WhiteElo "2348"]
[BlackElo "2545"]

1.d4 Nf6 2.Nf3 e6 3.c4 c5 4.d5 exd5 5.cxd5 g6 6.Nc3 Bg7 7.g3 d6 8.Bg2 O-O
9.O-O Na6 10.e4 Bg4 11.h3 Bxf3 12.Qxf3 Nd7 13.Qe2 Nc7 14.a4 a6 15.Bf4 Ne5
16.Rab1 Rc8 17.Rfc1 Qd7 18.b4 c4 19.Be3 Nd3 20.Rc2 b5 21.Qd1 bxa4 22.Bf1 a3
23.Bxd3 cxd3 24.Qxd3 Qxh3 25.Bc1 f5 26.Bf4 fxe4 27.Qxe4 Rce8 28.Qc4 Rf5 29.Qf1
Qxf1+ 30.Kxf1 Nxd5 31.Bd2 Bxc3 {#R} 0-1

[Event "Ch Netherlands (open)"]
[Site "masterchessopen.com - Dieren (Netherlands)"]
[Round "2"]
[White "Hoeksema Hendrik Pieter (NED)"]
[Black "Winants Luc (BEL)"]
[Result "0-1"]
[WhiteElo "2328"]
[BlackElo "2415"]

1.d4 Nf6 2.Nf3 e6 3.c4 c5 4.d5 exd5 5.cxd5 d6 6.Nc3 g6 7.g3 Bg7 8.Bg2 O-O
9.O-O Na6 10.Re1 Nc7 11.a4 Re8 12.Nd2 b6 13.Nc4 Ba6 14.Na3 Qd7 15.h3 Re7 16.e4
Rae8 17.Be3 Nxe4 18.Nxe4 Rxe4 19.Bxe4 Rxe4 20.Qf3 Qe7 21.Nb5 Bxb5 22.axb5 Nxb5
23.Bd2 f5 24.Kg2 h5 25.h4 Qe5 26.Rxe4 fxe4 27.Qb3 Nd4 28.Qa2 e3 29.Bxe3 Nc2
30.Rb1 Qe4+ 31.Kh2 Nxe3 32.fxe3 Be5 33.Rf1 Qxh4+ {#R} 0-1

[Event "It (cat.8)"]
[Site "masterchessopen.com - Frunze (Kyrgyzstan)"]
[Round "0"]
[White "Kuzmin Gennadi P (UKR)"]
[Black "Moldobaev Emelbek (KGZ)"]
[Result "1-0"]
[WhiteElo "2470"]
[BlackElo "2376"]

1.d4 Nf6 2.c4 e6 3.Nf3 c5 4.d5 exd5 5.cxd5 d6 6.Nc3 g6 7.g3 Bg7 8.Bg2 O-O
9.O-O Re8 10.Bg5 a6 11.a4 h6 12.Bxf6 Bxf6 13.Nd2 Nd7 14.Nce4 Be7 15.Nc4 Nb6
16.Nxb6 Qxb6 17.Qd2 Kh7 18.h4 f5 19.Nc3 Bf6 20.Rfe1 Bd7 21.e4 Rad8 22.h5 gxh5
23.exf5 Bxf5 24.Qf4 Kg6 25.Bf3 Bg4 26.Bxg4 hxg4 27.Qxg4+ Kh7 28.Qf5+ Kg7
29.Re6 {#r} 1-0

[Event "Ch Hungary (team)"]
[Site "masterchessopen.com - Hungary"]
[Round "0"]
[White "Adorjan Andras (HUN)"]
[Black "Perenyi Bela (HUN)"]
[Result "1-0"]
[WhiteElo "2540"]
[BlackElo "2255"]

1.d4 Nf6 2.Nf3 c5 3.d5 e6 4.c4 exd5 5.cxd5 d6 6.Nc3 g6 7.g3 Bg7 8.Bg2 O-O
9.O-O Re8 10.Bf4 Bg4 11.Qb3 b6 12.h3 Bxf3 13.Bxf3 Bf8 14.a4 Nbd7 15.e4 Rc8
16.Nb5 Nxe4 17.Nxa7 Ra8 18.Nb5 g5 19.Bxe4 Rxe4 20.Bxd6 Rb4 21.Qe3 Qf6 22.Bxf8
Kxf8 23.Rae1 Rbxa4 24.d6 Rd8 25.Qe7+ Kg7 26.Nc7 Kg6 27.Nd5 Qh8 28.h4 Nf6
29.Qe5 h6 30.Ne7+ Kh5 31.hxg5 Nh7 32.Qf5 Nxg5 33.Kg2 {#r} 1-0